Library of the University of Algiers 3
Ibrahim Sultan Cheibout
شعار جامعة الجزائر 3
مكتبة جامعة الجزائر 3
إبراهيم سلطان شيبوط

القانون البحري : (رقم التسجيلة. 42623)

تفاصيل مارك
000 -LEADER
fixed length control field 01154nam a2200265Ia 4500
003 - CONTROL NUMBER IDENTIFIER
control field Ost
005 - DATE AND TIME OF LATEST TRANSACTION
control field 20260507075049.0
008 - FIXED-LENGTH DATA ELEMENTS--GENERAL INFORMATION
fixed length control field 260507s9999||||xx |||||||||||||| ||und||
040 ## - CATALOGING SOURCE
Transcribing agency fsecg
041 ## - LANGUAGE CODE
Language code of text/sound track or separate title ara
082 ## - DEWEY DECIMAL CLASSIFICATION NUMBER
Classification number 340
100 ## - MAIN ENTRY--PERSONAL NAME
Personal name كوماني، لطيف جبر
Relator term مؤلف
245 #0 - TITLE STATEMENT
Title القانون البحري :
Remainder of title السفينة-أشخاص الملاحة-النقل-البيوع-التأمين /
Statement of responsibility, etc. لطيف جبر كوماني
250 ## - EDITION STATEMENT
Edition statement طبعة 2
260 ## - PUBLICATION, DISTRIBUTION, ETC.
Place of publication, distribution, etc. عمان:
Name of publisher, distributor, etc. الدار العلمية الدولية,
Date of publication, distribution, etc. 2003
300 ## - PHYSICAL DESCRIPTION
Extent 294 صفحة؛
Other physical details إيضاحات ؛
Dimensions 25 سم
490 ## - SERIES STATEMENT
Series statement المكتبة القانونية
Volume/sequential designation 487
504 ## - BIBLIOGRAPHY, ETC. NOTE
Bibliography, etc. note ببليوغرافيا: ص.288
520 ## - SUMMARY, ETC.
Summary, etc. التعريف بالقانون البحري وتطوره- السفينة والأشخاص- الملاحة-النقل البحري والإستغلال البحري- البيوع البحرية- البيع بشرط التسليم- التأمين البحري
653 ## - INDEX TERM--UNCONTROLLED
Uncontrolled term التأمين البحري
653 ## - INDEX TERM--UNCONTROLLED
Uncontrolled term السفن
653 ## - INDEX TERM--UNCONTROLLED
Uncontrolled term القانون البحري
653 ## - INDEX TERM--UNCONTROLLED
Uncontrolled term النقل البحري
942 ## - ADDED ENTRY ELEMENTS (KOHA)
Koha item type كتب
المقتنيات
Withdrawn status Lost status Source of classification or shelving scheme Damaged status Not for loan Home library Current library Date acquired Serial enumeration / chronology Inventory number Total checkouts Full call number Barcode Date last seen Price effective from Koha item type
    Dewey Decimal Classification   NOT LOAN / إعارة داخلية مكتبة كلية العلوم الإقتصادية والعلوم التجارية وعلوم التسيير مكتبة كلية العلوم الإقتصادية والعلوم التجارية وعلوم التسيير 07/05/2026 الطابق الأرضي 484/1   أ/484ن1 484/1 07/05/2026 07/05/2026 كتب
    Dewey Decimal Classification   Available مكتبة كلية العلوم الإقتصادية والعلوم التجارية وعلوم التسيير مكتبة كلية العلوم الإقتصادية والعلوم التجارية وعلوم التسيير 07/05/2026 الطابق الأرضي 484/2   أ/484ن2 484/2 07/05/2026 07/05/2026 كتب
    Dewey Decimal Classification   Available مكتبة كلية العلوم الإقتصادية والعلوم التجارية وعلوم التسيير مكتبة كلية العلوم الإقتصادية والعلوم التجارية وعلوم التسيير 07/05/2026 الطابق الأرضي 484/3   أ/484ن3 484/3 07/05/2026 07/05/2026 كتب
    Dewey Decimal Classification   Available مكتبة كلية العلوم الإقتصادية والعلوم التجارية وعلوم التسيير مكتبة كلية العلوم الإقتصادية والعلوم التجارية وعلوم التسيير 07/05/2026 الطابق الأرضي 484/4   أ/484ن4 484/4 07/05/2026 07/05/2026 كتب
    Dewey Decimal Classification   Available مكتبة كلية العلوم الإقتصادية والعلوم التجارية وعلوم التسيير مكتبة كلية العلوم الإقتصادية والعلوم التجارية وعلوم التسيير 07/05/2026 الطابق الأرضي 484/5   أ/484ن5 484/5 07/05/2026 07/05/2026 كتب
    Dewey Decimal Classification   Available مكتبة كلية العلوم الإقتصادية والعلوم التجارية وعلوم التسيير مكتبة كلية العلوم الإقتصادية والعلوم التجارية وعلوم التسيير 07/05/2026 الطابق الثاني 484/6   أ/484ن6 484/6 07/05/2026 07/05/2026 كتب
    Dewey Decimal Classification   Available مكتبة كلية العلوم الإقتصادية والعلوم التجارية وعلوم التسيير مكتبة كلية العلوم الإقتصادية والعلوم التجارية وعلوم التسيير 07/05/2026 الطابق الثاني 484/7   أ/484ن7 484/7 07/05/2026 07/05/2026 كتب

موارد الويب المفتوحة


© University of Algiers 3 All Rights Reserved
|
Implemented by LECHELAH Riad